00550 2200193 4500001002100000005001700021008004100038020002200079035002500101040001200126082001200138090002100150245007600171260002700247300003500274650001300309850001200322999002200334YOGYA-0712000000037520150527092334.0 ind  a978-979-29-2785-6 a0010-071200000000375 aYOPDYOG a004.678 aDEP 004.678bKre aKREATIF membuat desain web dengan adobe photoshop /ceditor, Hernita P. aYogyakartabAndic2011 aX, 268 hlm. :bilus. ;c23 cm. aInternet aYOPDYOG aCB-D.11-2011-2214